000 07126cam a2200661 4500500
005 20260301001044.0
041 _afre
042 _adc
100 1 0 _aBlain, Hubert
_eauthor
700 1 0 _aTran, Patrice
_eauthor
700 1 0 _aMichel, Jean-Pierre
_eauthor
700 1 0 _aBernard, Pierre-Louis
_eauthor
700 1 0 _aBerrut, Gilles
_eauthor
700 1 0 _aSalles, Nathalie
_eauthor
700 1 0 _ad’Avrincourt, Marie-Christine
_eauthor
700 1 0 _aMichon, Eric
_eauthor
700 1 0 _aPardell, M.
_eauthor
700 1 0 _aWeber, P.
_eauthor
700 1 0 _aBayol, Sébastien
_eauthor
700 1 0 _aBouget, Catherine
_eauthor
700 1 0 _aCoste, Olivier
_eauthor
700 1 0 _aGérard, Stéphane
_eauthor
700 1 0 _aLesenne, Cyrille
_eauthor
700 1 0 _aNinot, Grégory
_eauthor
700 1 0 _aPaccard, Delphine
_eauthor
700 1 0 _aPuisieux, François
_eauthor
700 1 0 _aSégu, Alain
_eauthor
700 1 0 _aTallon, Guillaume
_eauthor
700 1 0 _aVigouroux, Cyril
_eauthor
700 1 0 _aAbdellaoui, A
_eauthor
700 1 0 _aAnnweiler, Cédric
_eauthor
700 1 0 _aAutard, Thierry
_eauthor
700 1 0 _aBedbrook, Anna
_eauthor
700 1 0 _aBracco, L
_eauthor
700 1 0 _aBretton, F
_eauthor
700 1 0 _aCosme, B
_eauthor
700 1 0 _aCzarlewski, Wencyslawa
_eauthor
700 1 0 _ade Vries, Govert
_eauthor
700 1 0 _aNouvel, Fabrice
_eauthor
700 1 0 _aPuyjarinet, F
_eauthor
700 1 0 _aRobiaud, JB
_eauthor
700 1 0 _avan Eeerd, Michel
_eauthor
700 1 0 _aVoisin, C
_eauthor
700 1 0 _aVallat, Audrey
_eauthor
700 1 0 _aVillars, H
_eauthor
700 1 0 _aRolland, Yves
_eauthor
700 1 0 _aBonin-Guillaume, Sylvie
_eauthor
700 1 0 _aMontero-Odasso, Manuel
_eauthor
700 1 0 _aVan der Velde, Nathalie
_eauthor
700 1 0 _aBousquet, Jean
_eauthor
245 0 0 _aPremière journée nationale de prévention des chutes, 1er octobre 2024, Montpellier
260 _c2025.
500 _a90
520 _aIntroduction : L’ETP s’est développée en France à l’aide de la formation continue des professionnels de santé avant d’être intégrée dans les formations initiales (FI) des professionnels de santé. Cependant, certains auteurs montrent que l’offre est restée très hétérogène. Dans le contexte du développement de l’APC, comment les référentiels de compétences des différentes formations initiales en santé intègrent l’ETP ? Méthode : L’analyse porte sur les curriculums prescrits des cinq formations initiales : Diététicien, Infirmier, Masseurs-kinésithérapeute, Maïeutique et Médecin généraliste. L’analyse de la structure et du type de curriculum est combinée avec une analyse descriptive de l’intégration de l’ETP à partir de critères de contenu et de cohérence interne. Résultats : A été mise en évidence la prédominance des curriculums traditionnels qui font coexister des compétences avec une organisation par enseignement disciplinaire. L’ETP apparaît intégrée à des compétences plus larges (soins éducatifs, prévention ou promotion de la santé). La progression de l’étudiant est majoritairement exprimée en termes de connaissance (contenu). Il y a une hétérogénéité en termes de finalités (compétences, apprentissages cibles), de format (volume, organisation de la formation à l’ETP), de méthode d’enseignement et d’évaluation. Discussion : La prédominance du profil « traditionnel » (pour 4 des 5 curriculums) indique que l’APC n’est pas encore pleinement intégrée dans les curriculums prescrits en santé. Cela se traduit par des compétences qui sont peu opérationnelles, détaillées dans une section à part de la maquette de formation. Les modalités d’enseignement ou d’évaluation ne semblent pas leur être spécifiques. Au contraire, on constate un découpage de la formation selon les connaissances, c’est-à-dire le contenu des enseignements sans qu’il n’y ait de lien entre eux. Dans leurs formats actuels, les curriculums ne semblent pas soutenants pour l’intégration réellement l’ETP dans la formation initiale. Ce travail montre l’urgence de la mise en place d’un référentiel pour la formation initiale qui permettrait de développer l’ETP dans les nouveaux formats par APC. Ces propositions constituent des repères pour les décideurs et les responsables de formations qui souhaiteraient accompagner les instituts et les universités dans de telles réformes et ouvrir des perspectives d’évolution des référentiels prescrits vis-à-vis de l’ETP.
520 _aIntroduction: TPE was developed in France with the help of continuing education for healthcare professionals, before being integrated into the into the undergraduate education of healthcare professionals. However, some authors have shown that it remains highly heterogeneous. In the context of the development of competency-based approach (CBA), do the prescribed curricula of the various undergraduate health education programs integrate TPE? Method: The analysis focuses on the prescribed curricula of the five initial training courses: Dietician, Nurse, Physiotherapist, Maieutician and General Practitioner. The analysis of curriculum structure and type was combined with a descriptive analysis of the integration of TPE, based on content and internal consistency criteria. Results: Our results highlight the predominance of traditional curricula in which competencies coexist with a disciplinary organization. TPE appears to be integrated into broader competencies (educational care, prevention or health promotion). Student progress is mostly expressed in terms of knowledge (content). There is heterogeneity in terms of aims (skills, target learning), format (volume, organization of TVE training), teaching method and assessment. Discussion: The predominance of the “traditional” profile (for 4 of the 5 curricula) indicates that CBA has not yet been fully integrated into prescribed health curricula. This translates into competencies that are not very operational, detailed in a separate section of the training model. Teaching and assessment methods do not appear to be specific to these competencies. On the contrary, training is divided up according to knowledge, i.e., course content, with no link between them. In their current formats, curricula do not seem to support the real integration of TPE into initial training. This work shows the urgent need to set up a reference framework for initial training, which would enable TPE to be developed in the new CBA formats. These proposals are intended as pointers for decision-makers and training managers wishing to support institutes and universities in such reforms, and to open up prospects for the evolution of the prescribed reference frameworks with regard to TPE.
786 0 _nGériatrie et Psychologie Neuropsychiatrie du Vieillissement | 23 | 1 | 2025-04-15 | p. 9-23 | 2115-8789
856 4 1 _uhttps://stm.cairn.info/revue-geriatrie-et-psychologie-neuropsychiatrie-du-vieillissement-2025-1-page-9?lang=fr&redirect-ssocas=7080
999 _c1673013
_d1673013